[Event "MPJ_D16"]
[Site "?"]
[Date "2016.03.13"]
[Round "1.1"]
[White "Samujlo, Agnieszka"]
[Black "Kaczmarska, Joanna"]
[Result "0-1"]
[BlackElo "2013"]
[WhiteElo "1637"]
[LiveChessVersion "1.4.8"]

1. e4 {[%clk 1:30:58]} c6 {[%clk 1:30:55]} 2. d4 {[%clk 1:31:22]} d5
{[%clk 1:31:18]} 3. e5 {[%clk 1:31:46]} Bf5 {[%clk 1:23:51]} 4. g4
{[%clk 1:31:51]} Be4 {[%clk 1:23:30]} 5. f3 {[%clk 1:32:00]} Bg6 {[%clk 1:23:54]}
6. Nh3 {[%clk 1:30:53]} e6 {[%clk 1:23:21]} 7. Nf4 {[%clk 1:29:43]} Qh4+
{[%clk 1:21:45]} 8. Ke2 {[%clk 1:29:46]} c5 {[%clk 1:15:22]} 9. c3
{[%clk 1:27:55]} Nc6 {[%clk 1:10:51]} 10. a3 {[%clk 1:26:30]} O-O-O
{[%clk 1:05:01]} 11. Be3 {[%clk 1:24:12]} Qe7 {[%clk 1:02:15]} 12. h4
{[%clk 1:20:04]} Bxb1 {[%clk 1:01:26]} 13. Rxb1 {[%clk 1:19:32]} Kb8
{[%clk 0:44:08]} 14. b4 {[%clk 1:03:23]} cxd4 {[%clk 0:41:58]} 15. cxd4
{[%clk 1:02:53]} f6 {[%clk 0:39:25]} 16. Nd3 {[%clk 0:58:53]} Qc7
{[%clk 0:31:35]} 17. Rc1 {[%clk 0:51:19]} Qd7 {[%clk 0:30:11]} 18. f4
{[%clk 0:36:50]} Nh6 {[%clk 0:29:59]} 19. Bh3 {[%clk 0:33:25]} f5
{[%clk 0:28:13]} 20. g5 {[%clk 0:27:19]} Nf7 {[%clk 0:27:13]} 21. Bg2
{[%clk 0:22:39]} b6 {[%clk 0:24:43]} 22. Ne1 {[%clk 0:19:14]} Be7
{[%clk 0:24:09]} 23. Nf3 {[%clk 0:19:20]} Rc8 {[%clk 0:21:53]} 24. Kf2
{[%clk 0:19:20]} Rc7 {[%clk 0:21:23]} 25. Bf1 {[%clk 0:18:35]} a5
{[%clk 0:16:51]} 26. bxa5 {[%clk 0:16:55]} Nxa5 {[%clk 0:17:07]} 27. Rxc7
{[%clk 0:16:39]} Qxc7 {[%clk 0:17:22]} 28. a4 {[%clk 0:14:47]} Nc4
{[%clk 0:16:27]} 29. Bxc4 {[%clk 0:14:41]} dxc4 {[%clk 0:15:24]} 30. Qc2
{[%clk 0:14:50]} Qc6 {[%clk 0:14:33]} 31. Rc1 {[%clk 0:14:33]} Rc8
{[%clk 0:14:52]} 32. Nd2 {[%clk 0:14:02]} c3 {[%clk 0:14:51]} 33. Nf1
{[%clk 0:13:41]} Bb4 {[%clk 0:10:17]} 34. Qb3 {[%clk 0:12:06]} Ba5
{[%clk 0:09:18]} 35. Ng3 {[%clk 0:11:00]} g6 {[%clk 0:08:31]} 36. Rc2
{[%clk 0:09:59]} Kb7 {[%clk 0:07:32]} 37. Rc1 {[%clk 0:09:11]} Nd8
{[%clk 0:05:36]} 38. h5 {[%clk 0:07:53]} Rc7 {[%clk 0:04:38]} 39. Qc2
{[%clk 0:03:48]} Qc4 {[%clk 0:03:39]} 40. hxg6 {[%clk 0:33:18]} hxg6
{[%clk 0:34:04]} 41. Rh1 {[%clk 0:33:17]} Nc6 {[%clk 0:34:11]} 42. Ne2
{[%clk 0:31:25]} Nb4 {[%clk 0:33:49]} 43. Qd1 {[%clk 0:28:46]} Nd3+
{[%clk 0:32:18]} 44. Kf3 {[%clk 0:26:38]} c2 {[%clk 0:30:59]} 45. Qa1
{[%clk 0:25:42]} Qd5+ {[%clk 0:25:43]} 46. Kg3 {[%clk 0:25:27]} Qe4
{[%clk 0:26:06]} 0-1

[Event "MPJ_D16"]
[Site "?"]
[Date "2016.03.13"]
[Round "1.2"]
[White "Cieslak, Wiktoria"]
[Black "Daliga, Anita"]
[Result "0-1"]
[BlackElo "1632"]
[WhiteElo "1904"]
[LiveChessVersion "1.4.8"]

1. e4 {[%clk 1:30:56]} c6 {[%clk 1:30:45]} 2. d4 {[%clk 1:31:19]} d5
{[%clk 1:31:06]} 3. Nc3 {[%clk 1:31:42]} dxe4 {[%clk 1:31:24]} 4. Nxe4
{[%clk 1:32:04]} Bf5 {[%clk 1:31:30]} 5. Ng3 {[%clk 1:32:21]} Bg6
{[%clk 1:31:41]} 6. h4 {[%clk 1:32:23]} h6 {[%clk 1:31:40]} 7. Nf3
{[%clk 1:32:40]} Nd7 {[%clk 1:31:22]} 8. h5 {[%clk 1:32:58]} Bh7 {[%clk 1:31:41]}
9. Bd3 {[%clk 1:33:03]} Bxd3 {[%clk 1:31:30]} 10. Qxd3 {[%clk 1:33:26]} Qc7
{[%clk 1:31:01]} 11. Bd2 {[%clk 1:33:07]} e6 {[%clk 1:27:46]} 12. Ne4
{[%clk 1:31:27]} Ngf6 {[%clk 1:26:36]} 13. O-O-O {[%clk 1:31:10]} Nxe4
{[%clk 1:24:16]} 14. Qxe4 {[%clk 1:31:00]} Nf6 {[%clk 1:23:39]} 15. Qe2
{[%clk 1:30:54]} O-O-O {[%clk 1:19:33]} 16. g3 {[%clk 1:24:32]} Bd6
{[%clk 1:14:27]} 17. c4 {[%clk 1:23:48]} c5 {[%clk 1:09:34]} 18. Bc3
{[%clk 1:18:02]} cxd4 {[%clk 0:47:34]} 19. Nxd4 {[%clk 1:07:40]} a6
{[%clk 0:43:51]} 20. Kb1 {[%clk 1:04:32]} Kb8 {[%clk 0:31:35]} 21. f4
{[%clk 1:01:26]} Rhe8 {[%clk 0:21:00]} 22. Nf3 {[%clk 0:53:57]} Ka8
{[%clk 0:19:57]} 23. Ne5 {[%clk 0:49:28]} Bxe5 {[%clk 0:14:07]} 24. fxe5
{[%clk 0:40:51]} Nd7 {[%clk 0:12:55]} 25. b3 {[%clk 0:38:23]} Nb8
{[%clk 0:10:49]} 26. Qg4 {[%clk 0:28:58]} Rg8 {[%clk 0:09:12]} 27. Qf4
{[%clk 0:25:36]} Nc6 {[%clk 0:07:57]} 28. Kc2 {[%clk 0:10:35]} Qe7
{[%clk 0:05:29]} 29. Rhf1 {[%clk 0:07:07]} Rgf8 {[%clk 0:04:52]} 30. Kb2
{[%clk 0:05:38]} Rxd1 {[%clk 0:02:42]} 31. Rxd1 {[%clk 0:06:00]} Qg5
{[%clk 0:02:13]} 32. Qxg5 {[%clk 0:03:09]} hxg5 {[%clk 0:02:36]} 33. Rd7
{[%clk 0:02:48]} Kb8 {[%clk 0:02:24]} 34. Kc2 {[%clk 0:02:53]} Kc8
{[%clk 0:02:48]} 35. Rd6 {[%clk 0:03:12]} Rd8 {[%clk 0:01:30]} 36. c5
{[%clk 0:02:12]} g4 {[%clk 0:01:17]} 37. Kd2 {[%clk 0:02:20]} Rh8
{[%clk 0:01:22]} 38. Ke3 {[%clk 0:02:30]} Ne7 {[%clk 0:01:15]} 39. Ke4
{[%clk 0:01:04]} Nf5 {[%clk 0:01:22]} 40. Rd3 {[%clk 0:30:54]} Rxh5
{[%clk 0:30:54]} 41. Kf4 {[%clk 0:29:29]} Rh2 {[%clk 0:26:50]} 42. Ba5
{[%clk 0:29:14]} Rh8 {[%clk 0:26:19]} 43. Kxg4 {[%clk 0:28:00]} Ne7
{[%clk 0:22:09]} 44. Rf3 {[%clk 0:20:04]} Rf8 {[%clk 0:19:59]} 45. Kg5
{[%clk 0:14:21]} Nc6 {[%clk 0:16:48]} 46. Bc3 {[%clk 0:14:08]} Kd7
{[%clk 0:16:03]} 47. a4 {[%clk 0:10:03]} Ke7 {[%clk 0:13:16]} 48. b4
{[%clk 0:07:07]} Rd8 {[%clk 0:08:07]} 49. b5 {[%clk 0:05:44]} axb5
{[%clk 0:06:18]} 50. axb5 {[%clk 0:05:41]} Nd4 {[%clk 0:05:13]} 51. Rd3
{[%clk 0:01:42]} Nxb5 {[%clk 0:03:18]} 52. Rxd8 {[%clk 0:00:23]} Kxd8
{[%clk 0:03:06]} 53. Ba5+ {[%clk 0:07:11]} Kd7 {[%clk 0:10:01]} 54. Kf4
{[%clk 0:07:26]} Nc7 {[%clk 0:09:29]} 55. Ke4 {[%clk 0:07:27]} Nd5
{[%clk 0:09:31]} 56. g4 {[%clk 0:07:46]} Kc6 {[%clk 0:08:20]} 57. g5
{[%clk 0:07:37]} Kxc5 {[%clk 0:06:24]} 58. Kd3 {[%clk 0:07:33]} g6
{[%clk 0:06:28]} 59. Bd2 {[%clk 0:07:46]} b5 {[%clk 0:06:38]} 60. Be1
{[%clk 0:07:48]} Nb4+ {[%clk 0:06:05]} 61. Kc3 {[%clk 0:07:13]} Nc6
{[%clk 0:06:24]} 62. Bf2+ {[%clk 0:07:10]} Kd5 {[%clk 0:06:44]} 63. Bg3
{[%clk 0:07:37]} Nxe5 {[%clk 0:06:53]} 64. Kb4 Nf3 65. Kxb5 {[%clk 0:07:31]} Nxg5
{[%clk 0:07:14]} 66. Bh4 {[%clk 0:07:46]} Ne4 {[%clk 0:07:30]} 67. Kb4
{[%clk 0:08:07]} g5 {[%clk 0:07:51]} 68. Be1 {[%clk 0:08:32]} f5 {[%clk 0:08:07]}
69. Kb3 {[%clk 0:08:57]} Nc5+ {[%clk 0:08:03]} 70. Kc3 {[%clk 0:09:22]} Ke4
{[%clk 0:08:22]} 71. Kd2 {[%clk 0:09:42]} Ke5 0-1

[Event "MPJ_D16"]
[Site "?"]
[Date "2016.03.13"]
[Round "1.3"]
[White "Jurkiewicz, Zuzanna"]
[Black "Piwowarczyk, Julia"]
[Result "1-0"]
[BlackElo "1903"]
[WhiteElo "1632"]
[LiveChessVersion "1.4.8"]

1. e4 {[%clk 1:30:57]} c5 {[%clk 1:30:53]} 2. Nf3 {[%clk 1:31:14]} d6
{[%clk 1:30:54]} 3. d4 {[%clk 1:31:32]} cxd4 {[%clk 1:31:12]} 4. Nxd4
{[%clk 1:31:39]} Nf6 {[%clk 1:31:20]} 5. Nc3 {[%clk 1:31:11]} a6 {[%clk 1:31:11]}
6. Be3 {[%clk 1:29:41]} b5 {[%clk 1:25:22]} 7. a3 {[%clk 1:24:57]} e6
{[%clk 1:24:09]} 8. f3 {[%clk 1:22:16]} Be7 {[%clk 1:21:31]} 9. Qd2
{[%clk 1:19:52]} O-O {[%clk 1:17:19]} 10. O-O-O {[%clk 1:17:00]} Qc7
{[%clk 1:12:10]} 11. g4 {[%clk 1:12:58]} Bb7 {[%clk 1:06:33]} 12. h4
{[%clk 1:08:52]} Nc6 {[%clk 1:03:08]} 13. h5 {[%clk 1:06:16]} Nxd4
{[%clk 0:58:39]} 14. Bxd4 {[%clk 1:05:26]} d5 {[%clk 0:54:51]} 15. g5
{[%clk 1:01:29]} Nd7 {[%clk 0:54:53]} 16. exd5 {[%clk 0:58:46]} Qg3
{[%clk 0:28:36]} 17. f4 {[%clk 0:41:57]} Bxd5 {[%clk 0:19:38]} 18. Nxd5
{[%clk 0:41:40]} exd5 {[%clk 0:20:00]} 19. Bg2 {[%clk 0:29:06]} Nc5
{[%clk 0:20:00]} 20. Rdg1 {[%clk 0:25:45]} Rac8 {[%clk 0:15:48]} 21. Kb1
{[%clk 0:23:59]} Bxg5 {[%clk 0:13:59]} 22. fxg5 {[%clk 0:23:20]} Qd6 23. Bxg7
{[%clk 0:17:49]} Rfe8 {[%clk 0:10:09]} 24. Bh6 {[%clk 0:16:57]} Qe5
{[%clk 0:08:19]} 25. g6 {[%clk 0:16:12]} fxg6 {[%clk 0:06:40]} 26. Bxd5+
{[%clk 0:16:08]} Kh8 {[%clk 0:06:55]} 27. hxg6 {[%clk 0:16:19]} Ne6
{[%clk 0:02:06]} 28. Bxe6 1-0

[Event "MPJ_D16"]
[Site "?"]
[Date "2016.03.13"]
[Round "1.4"]
[White "Parol, Pola"]
[Black "Guzik, Natalia"]
[Result "1-0"]
[BlackElo "1619"]
[WhiteElo "1893"]
[LiveChessVersion "1.4.8"]

1. e4 {[%clk 1:30:57]} c5 {[%clk 1:30:54]} 2. Nf3 {[%clk 1:31:19]} Nc6
{[%clk 1:31:18]} 3. d4 {[%clk 1:31:35]} cxd4 {[%clk 1:31:34]} 4. Nxd4
{[%clk 1:31:57]} g6 {[%clk 1:31:55]} 5. Nc3 {[%clk 1:32:10]} Bg7 {[%clk 1:32:13]}
6. Be3 {[%clk 1:32:29]} Nf6 {[%clk 1:32:18]} 7. Bc4 {[%clk 1:32:30]} O-O
{[%clk 1:31:47]} 8. Bb3 {[%clk 1:32:36]} d6 {[%clk 1:28:51]} 9. f3
{[%clk 1:32:45]} Bd7 {[%clk 1:24:19]} 10. Qd2 {[%clk 1:32:20]} Qa5
{[%clk 1:20:24]} 11. O-O-O {[%clk 1:31:06]} Rfc8 {[%clk 1:11:52]} 12. Kb1
{[%clk 1:29:23]} Rab8 {[%clk 1:09:33]} 13. Rhe1 {[%clk 1:21:18]} Ne5
{[%clk 1:04:18]} 14. Bh6 {[%clk 1:16:41]} b5 {[%clk 0:51:46]} 15. Nd5
{[%clk 1:12:53]} Qxd2 {[%clk 0:50:03]} 16. Nxe7+ {[%clk 1:11:16]} Kf8
{[%clk 0:50:13]} 17. Bxg7+ {[%clk 1:11:35]} Kxg7 {[%clk 0:49:15]} 18. Rxd2
{[%clk 1:11:53]} Rc5 {[%clk 0:47:17]} 19. Nd5 {[%clk 1:10:06]} Nc4
{[%clk 0:43:16]} 20. Bxc4 {[%clk 1:07:53]} bxc4 {[%clk 0:43:36]} 21. Nxf6
{[%clk 1:06:33]} Kxf6 {[%clk 0:41:47]} 22. Ne2 {[%clk 0:52:31]} c3
{[%clk 0:39:02]} 23. Rxd6+ {[%clk 0:52:28]} Ke7 {[%clk 0:39:23]} 24. Red1
{[%clk 0:48:52]} Rxb2+ {[%clk 0:39:08]} 25. Ka1 {[%clk 0:43:13]} Be6
{[%clk 0:38:05]} 26. Ra6 {[%clk 0:42:22]} Rxc2 {[%clk 0:37:10]} 27. Rxa7+
{[%clk 0:42:36]} Kf6 {[%clk 0:36:47]} 28. Nf4 {[%clk 0:34:52]} Rd2
{[%clk 0:35:24]} 29. Rc1 {[%clk 0:33:51]} Ke5 {[%clk 0:30:39]} 30. g3
{[%clk 0:30:15]} g5 {[%clk 0:30:41]} 31. Nxe6 {[%clk 0:30:07]} Kxe6
{[%clk 0:29:29]} 32. f4 {[%clk 0:27:45]} gxf4 {[%clk 0:29:01]} 33. gxf4
{[%clk 0:28:09]} Rxh2 {[%clk 0:28:52]} 34. Ra6+ {[%clk 0:27:01]} Ke7
{[%clk 0:29:05]} 35. Ra7+ {[%clk 0:26:25]} Kf8 {[%clk 0:28:59]} 36. Ra8+
{[%clk 0:26:31]} Kg7 {[%clk 0:25:15]} 37. Rg1+ {[%clk 0:26:29]} Kh6
{[%clk 0:24:51]} 38. Ra6+ {[%clk 0:26:21]} Kh5 {[%clk 0:25:05]} 39. e5
{[%clk 0:19:56]} c2 {[%clk 0:21:50]} 40. Rg5+ {[%clk 0:50:09]} Kh4
{[%clk 0:52:00]} 41. Rh6# {[%clk 0:50:34]} 1-0

[Event "MPJ_D16"]
[Site "?"]
[Date "2016.03.13"]
[Round "1.5"]
[White "Ossolinska, Matylda"]
[Black "Stebel, Agata"]
[Result "1/2-1/2"]
[BlackElo "1856"]
[WhiteElo "1613"]
[LiveChessVersion "1.4.8"]

1. e4 {[%clk 1:30:52]} e5 {[%clk 1:30:51]} 2. Nf3 {[%clk 1:31:10]} Nc6
{[%clk 1:31:14]} 3. d4 {[%clk 1:31:21]} exd4 {[%clk 1:31:38]} 4. Nxd4
{[%clk 1:31:22]} Nf6 {[%clk 1:32:00]} 5. Nxc6 {[%clk 1:31:19]} bxc6
{[%clk 1:32:25]} 6. Bd3 {[%clk 1:31:32]} Bc5 {[%clk 1:29:46]} 7. Nc3
{[%clk 1:21:55]} O-O {[%clk 1:26:57]} 8. Bg5 {[%clk 1:15:22]} h6 {[%clk 1:18:48]}
9. Bh4 {[%clk 1:02:41]} Qe7 {[%clk 1:14:19]} 10. O-O {[%clk 0:59:51]} Re8
{[%clk 0:53:57]} 11. Kh1 {[%clk 0:49:30]} d6 {[%clk 0:43:18]} 12. f3
{[%clk 0:36:52]} Qe5 {[%clk 0:28:26]} 13. Bg3 {[%clk 0:32:53]} Qe6
{[%clk 0:24:23]} 14. Ne2 {[%clk 0:29:06]} Nh5 {[%clk 0:22:07]} 15. Bf2
{[%clk 0:26:12]} Bxf2 {[%clk 0:20:43]} 16. Rxf2 {[%clk 0:26:38]} Bd7
{[%clk 0:16:25]} 17. b3 {[%clk 0:22:38]} Qe5 {[%clk 0:15:02]} 18. Rc1
{[%clk 0:16:47]} a5 {[%clk 0:11:32]} 19. a4 {[%clk 0:15:30]} Nf6 {[%clk 0:08:42]}
20. Qd2 {[%clk 0:13:42]} Qc5 {[%clk 0:07:46]} 21. Rcf1 {[%clk 0:12:52]} d5
{[%clk 0:06:51]} 22. Ng3 {[%clk 0:12:03]} d4 {[%clk 0:05:20]} 23. Bc4
{[%clk 0:09:41]} Rad8 {[%clk 0:02:32]} 24. Qf4 {[%clk 0:09:09]} Qd6
{[%clk 0:01:28]} 25. Qd2 {[%clk 0:08:05]} Qe5 {[%clk 0:00:52]} 26. Ne2
{[%clk 0:05:58]} Bc8 {[%clk 0:00:43]} 27. Nc1 {[%clk 0:05:36]} Qc5
{[%clk 0:00:51]} 28. Nd3 {[%clk 0:05:47]} Qb6 {[%clk 0:01:04]} 29. g4
{[%clk 0:03:25]} Nh7 {[%clk 0:00:41]} 30. e5 {[%clk 0:02:04]} c5 {[%clk 0:00:48]}
31. Qf4 {[%clk 0:01:26]} Be6 {[%clk 0:00:52]} 32. Bxe6 {[%clk 0:01:27]} Qxe6
{[%clk 0:00:55]} 33. Re1 {[%clk 0:00:52]} c4 {[%clk 0:01:00]} 34. Nc1
{[%clk 0:00:52]} cxb3 {[%clk 0:00:42]} 35. cxb3 {[%clk 0:01:17]} Rd5
{[%clk 0:00:47]} 36. Rfe2 {[%clk 0:01:33]} Rb8 {[%clk 0:00:44]} 37. Qd2
{[%clk 0:01:33]} Nf8 {[%clk 0:00:50]} 38. Qc2 {[%clk 0:01:42]} c5
{[%clk 0:00:46]} 39. h3 {[%clk 0:31:37]} Ng6 {[%clk 0:30:47]} 40. Nd3
{[%clk 0:31:44]} Rc8 {[%clk 0:25:37]} 41. Qc4 {[%clk 0:29:04]} Rd7
{[%clk 0:13:25]} 42. Qxe6 {[%clk 0:26:50]} 1/2-1/2

[Event "MPJ_D16"]
[Site "?"]
[Date "2016.03.13"]
[Round "1.6"]
[White "Karykowska, Anna"]
[Black "Pedrak, Paulina"]
[Result "1-0"]
[BlackElo "1610"]
[WhiteElo "1832"]
[LiveChessVersion "1.4.8"]

1. e4 {[%clk 1:30:54]} c5 {[%clk 1:30:51]} 2. Nf3 {[%clk 1:31:11]} e6
{[%clk 1:30:56]} 3. d4 {[%clk 1:31:27]} cxd4 {[%clk 1:30:46]} 4. Nxd4
{[%clk 1:31:45]} a6 {[%clk 1:29:27]} 5. Nc3 {[%clk 1:32:07]} Qc7 {[%clk 1:26:37]}
6. g3 {[%clk 1:32:27]} Nf6 {[%clk 1:20:44]} 7. Bg2 {[%clk 1:32:04]} Be7
{[%clk 1:17:48]} 8. O-O {[%clk 1:30:00]} d6 {[%clk 1:16:49]} 9. f4
{[%clk 1:25:38]} Nbd7 {[%clk 1:12:41]} 10. Kh1 {[%clk 1:22:51]} h5
{[%clk 1:09:04]} 11. Bf3 {[%clk 1:10:52]} g6 {[%clk 0:51:26]} 12. f5
{[%clk 0:58:50]} e5 {[%clk 0:50:34]} 13. fxg6 {[%clk 0:45:02]} exd4
{[%clk 0:48:17]} 14. gxf7+ {[%clk 0:45:28]} Kf8 {[%clk 0:48:14]} 15. Ne2
{[%clk 0:38:47]} Ne5 {[%clk 0:46:32]} 16. Nf4 {[%clk 0:33:24]} Nxf3
{[%clk 0:32:16]} 17. Qxf3 {[%clk 0:30:32]} Bg4 {[%clk 0:29:26]} 18. Qb3
{[%clk 0:24:54]} Kg7 {[%clk 0:27:40]} 19. Nd5 {[%clk 0:13:37]} Nxd5
{[%clk 0:18:30]} 20. Qxd5 {[%clk 0:12:04]} Bf6 {[%clk 0:18:45]} 21. Rxf6
{[%clk 0:05:27]} Kxf6 {[%clk 0:16:39]} 22. Bg5+ {[%clk 0:04:44]} Kg7
{[%clk 0:16:17]} 23. Qxd4+ {[%clk 0:04:01]} Kh7 {[%clk 0:14:56]} 24. Qf6
{[%clk 0:03:23]} Bf3+ {[%clk 0:14:02]} 25. Qxf3 {[%clk 0:03:35]} Rhf8
{[%clk 0:13:31]} 26. Qf5+ {[%clk 0:03:41]} Kg7 {[%clk 0:13:45]} 27. Qf6+
{[%clk 0:04:02]} Kh7 {[%clk 0:14:09]} 28. Qh6# {[%clk 0:04:27]} 1-0

[Event "MPJ_D16"]
[Site "?"]
[Date "2016.03.13"]
[Round "1.7"]
[White "Zamarska, Sylwia"]
[Black "Dwilewicz, Agata"]
[Result "0-1"]
[BlackElo "1813"]
[WhiteElo "1605"]
[LiveChessVersion "1.4.8"]

1. d4 {[%clk 1:31:10]} d5 {[%clk 1:31:19]} 2. c4 {[%clk 1:31:10]} e6
{[%clk 1:31:19]} 3. Nc3 {[%clk 1:31:10]} Bb4 {[%clk 1:31:19]} 4. Qc2
{[%clk 1:31:10]} Nf6 {[%clk 1:31:19]} 5. e3 {[%clk 1:31:10]} c5 {[%clk 1:23:00]}
6. dxc5 {[%clk 1:21:14]} Nbd7 {[%clk 1:19:34]} 7. Bd2 {[%clk 1:11:11]} Bxc5
{[%clk 1:13:30]} 8. Nf3 {[%clk 0:54:42]} Nb6 {[%clk 1:11:59]} 9. Na4 Nxa4
{[%clk 1:12:11]} 10. Qxa4+ {[%clk 0:54:11]} Bd7 {[%clk 1:09:41]} 11. Qb3 O-O 12.
Be2 {[%clk 0:49:39]} dxc4 {[%clk 1:03:19]} 13. Bxc4 {[%clk 0:48:47]} Bc6
{[%clk 1:02:31]} 14. Be2 {[%clk 0:40:59]} Bd5 {[%clk 1:00:58]} 15. Qd1
{[%clk 0:28:53]} Ne4 {[%clk 0:59:47]} 16. O-O {[%clk 0:26:13]} Qf6
{[%clk 0:55:58]} 17. b3 {[%clk 0:20:45]} Rfd8 {[%clk 0:54:37]} 18. Rc1
{[%clk 0:17:12]} Nxd2 {[%clk 0:50:34]} 19. Nxd2 {[%clk 0:16:59]} Bd6
{[%clk 0:45:02]} 20. Bd3 {[%clk 0:11:52]} Qh6 {[%clk 0:44:28]} 21. h3
{[%clk 0:10:18]} Ba3 {[%clk 0:40:58]} 22. Rc7 {[%clk 0:06:26]} Bxg2
{[%clk 0:31:22]} 23. Bxh7+ {[%clk 0:05:48]} Qxh7 {[%clk 0:31:47]} 24. Kxg2
{[%clk 0:06:04]} Bb4 {[%clk 0:31:34]} 25. Rc2 {[%clk 0:03:08]} Qd3
{[%clk 0:30:52]} 26. Qb1 {[%clk 0:01:10]} Bxd2 {[%clk 0:30:32]} 27. Rd1
{[%clk 0:01:11]} Qg6+ {[%clk 0:30:33]} 0-1

[Event "MPJ_D16"]
[Site "?"]
[Date "2016.03.13"]
[Round "1.8"]
[White "Buchta, Agnieszka"]
[Black "Kindler, Karolina"]
[Result "1-0"]
[BlackElo "1597"]
[WhiteElo "1807"]
[LiveChessVersion "1.4.8"]

1. e4 c5 2. c3 d5 3. exd5 Qxd5 4. d4 Nc6 5. Nf3 cxd4 6. cxd4 Bg4 7. Be2 O-O-O 8.
Nc3 Qf5 9. Be3 e5 10. d5 {[%clk 1:00:08]} Nf6 {[%clk 0:39:20]} 11. O-O
{[%clk 0:48:48]} e4 {[%clk 0:29:53]} 12. Nd4 {[%clk 0:36:06]} Nxd4
{[%clk 0:16:26]} 13. Qxd4 {[%clk 0:21:00]} Bxe2 {[%clk 0:15:16]} 14. Nxe2
{[%clk 0:21:50]} b6 {[%clk 0:14:14]} 15. Qc4+ Kb8 {[%clk 0:13:38]} 16. Rac1
{[%clk 0:13:54]} Nxd5 {[%clk 0:11:08]} 17. Nd4 {[%clk 0:10:47]} Qd7
{[%clk 0:04:19]} 18. Nc6+ {[%clk 0:10:25]} Kb7 {[%clk 0:04:38]} 19. Nxd8+
{[%clk 0:10:47]} Qxd8 {[%clk 0:04:58]} 20. Rfd1 {[%clk 0:10:30]} Be7
{[%clk 0:04:21]} 21. Rxd5 {[%clk 0:08:03]} Qe8 {[%clk 0:03:59]} 22. Qc7+
{[%clk 0:08:05]} Ka8 {[%clk 0:04:17]} 23. Rd7 {[%clk 0:08:19]} Qb8
{[%clk 0:04:43]} 24. Rxe7 {[%clk 0:08:11]} Qxc7 {[%clk 0:04:48]} 25. Rcxc7
{[%clk 0:08:20]} Rd8 {[%clk 0:05:00]} 26. Red7 {[%clk 0:08:31]} Re8
{[%clk 0:05:19]} 27. Rxa7+ {[%clk 0:08:36]} Kb8 {[%clk 0:05:41]} 28. Rdb7+
{[%clk 0:08:24]} Kc8 {[%clk 0:06:05]} 29. Ra8+ {[%clk 0:08:43]} Kxb7
{[%clk 0:06:29]} 30. Rxe8 {[%clk 0:09:09]} f5 {[%clk 0:06:52]} 31. Re7+
{[%clk 0:09:31]} Kc6 {[%clk 0:07:15]} 32. Rxg7 {[%clk 0:09:44]} h5
{[%clk 0:07:40]} 33. Kf1 {[%clk 0:09:47]} b5 {[%clk 0:08:04]} 34. Ke2
{[%clk 0:10:10]} Kd5 {[%clk 0:08:28]} 35. Rc7 {[%clk 0:10:25]} b4
{[%clk 0:08:52]} 36. a4 {[%clk 0:10:34]} bxa3 {[%clk 0:09:18]} 37. bxa3
{[%clk 0:10:53]} Kd6 {[%clk 0:09:43]} 38. Bf4+ {[%clk 0:11:05]} Kd5
{[%clk 0:10:07]} 39. a4 {[%clk 0:11:28]} Ke6 {[%clk 0:10:31]} 40. a5
{[%clk 0:41:53]} Kf6 {[%clk 0:40:54]} 1-0

[Event "MPJ_D16"]
[Site "?"]
[Date "2016.03.13"]
[Round "1.9"]
[White "Ciesinska, Weronika"]
[Black "Frej, Zofia"]
[Result "0-1"]
[BlackElo "1792"]
[WhiteElo "1584"]
[LiveChessVersion "1.4.8"]

1. e4 {[%clk 1:30:55]} d5 {[%clk 1:30:53]} 2. exd5 {[%clk 1:31:17]} Nf6
{[%clk 1:31:16]} 3. d4 {[%clk 1:30:09]} Nxd5 {[%clk 1:31:39]} 4. Nf3
{[%clk 1:27:49]} g6 {[%clk 1:30:23]} 5. c3 {[%clk 1:25:31]} Bg7 {[%clk 1:30:21]}
6. Bd3 {[%clk 1:25:04]} O-O {[%clk 1:29:35]} 7. O-O {[%clk 1:25:26]} Bg4
{[%clk 1:28:45]} 8. Nbd2 {[%clk 1:17:18]} Nc6 {[%clk 1:20:18]} 9. h3
{[%clk 1:13:39]} Bxf3 {[%clk 1:19:40]} 10. Nxf3 {[%clk 1:13:59]} Qd6
{[%clk 1:18:45]} 11. Re1 {[%clk 1:11:36]} Rfe8 {[%clk 1:15:57]} 12. Qc2
{[%clk 1:07:51]} e5 {[%clk 1:12:29]} 13. dxe5 {[%clk 1:03:40]} Nxe5
{[%clk 1:12:41]} 14. Nxe5 {[%clk 1:02:24]} Bxe5 {[%clk 1:12:23]} 15. Bd2
{[%clk 0:53:11]} Rad8 {[%clk 1:11:15]} 16. Rad1 {[%clk 0:47:42]} c6
{[%clk 0:51:17]} 17. Be4 {[%clk 0:42:23]} Bf4 {[%clk 0:38:15]} 18. Bxd5
{[%clk 0:32:38]} Rxe1+ {[%clk 0:33:37]} 19. Rxe1 {[%clk 0:30:56]} Bxd2
{[%clk 0:31:58]} 20. Qxd2 {[%clk 0:29:53]} cxd5 {[%clk 0:30:01]} 21. Qd4
{[%clk 0:27:45]} b6 {[%clk 0:26:56]} 22. Rd1 {[%clk 0:25:15]} Qc5
{[%clk 0:25:42]} 23. c4 {[%clk 0:23:57]} Qxd4 {[%clk 0:24:49]} 24. Rxd4
{[%clk 0:24:16]} Kf8 {[%clk 0:24:00]} 25. Kf1 {[%clk 0:23:18]} Ke7
{[%clk 0:23:54]} 26. cxd5 {[%clk 0:22:32]} Kd6 {[%clk 0:24:16]} 27. Ke2
{[%clk 0:20:23]} Kc5 {[%clk 0:22:34]} 28. Ke3 {[%clk 0:17:12]} Rxd5
{[%clk 0:22:22]} 29. Rxd5+ {[%clk 0:17:06]} Kxd5 {[%clk 0:22:50]} 30. Kf4
{[%clk 0:15:10]} Kd4 {[%clk 0:14:46]} 31. g4 {[%clk 0:13:56]} f6 {[%clk 0:11:09]}
32. h4 {[%clk 0:13:24]} a5 {[%clk 0:10:27]} 33. h5 {[%clk 0:11:41]} b5
{[%clk 0:07:06]} 34. g5 {[%clk 0:10:27]} f5 {[%clk 0:05:19]} 35. hxg6
{[%clk 0:09:40]} hxg6 {[%clk 0:05:47]} 36. b3 {[%clk 0:07:58]} b4
{[%clk 0:04:57]} 37. f3 {[%clk 0:07:51]} Kc3 {[%clk 0:02:16]} 38. Ke5
{[%clk 0:08:11]} Kb2 {[%clk 0:02:44]} 39. Kf6 {[%clk 0:08:31]} Kxa2
{[%clk 0:03:12]} 40. Kxg6 {[%clk 0:38:47]} a4 {[%clk 0:33:41]} 41. Kf6
{[%clk 0:35:18]} axb3 {[%clk 0:34:02]} 42. g6 {[%clk 0:35:32]} b2
{[%clk 0:34:26]} 43. g7 {[%clk 0:35:53]} b1=Q {[%clk 0:34:49]} 44. g8=Q+
{[%clk 0:36:02]} Qb3 {[%clk 0:34:04]} 45. Qa8+ {[%clk 0:34:33]} Kb2
{[%clk 0:33:38]} 46. Kxf5 {[%clk 0:34:18]} Qf7+ {[%clk 0:33:37]} 47. Ke4
{[%clk 0:33:28]} Qe6+ {[%clk 0:32:14]} 48. Kf4 {[%clk 0:33:16]} Qf6+
{[%clk 0:32:34]} 49. Kg4 {[%clk 0:33:12]} b3 {[%clk 0:32:55]} 50. f4
{[%clk 0:33:00]} Qg6+ {[%clk 0:32:17]} 51. Kf3 {[%clk 0:32:55]} Qd3+
{[%clk 0:32:13]} 52. Kg4 {[%clk 0:33:14]} Kc2 {[%clk 0:31:08]} 53. Qc6+
{[%clk 0:31:34]} Kd2 {[%clk 0:31:35]} 54. f5 {[%clk 0:31:11]} b2 {[%clk 0:31:46]}
55. Qh6+ {[%clk 0:30:54]} Kc3 {[%clk 0:31:07]} 56. Qf6+ {[%clk 0:28:54]} Qd4+
{[%clk 0:31:26]} 57. Kg5 {[%clk 0:28:59]} Qxf6+ {[%clk 0:31:49]} 58. Kxf6
{[%clk 0:29:22]} b1=Q {[%clk 0:32:13]} 0-1